College Quizbowl Stats
College Quizbowl Stats
Circuits
Seasons
Sets
Records
Detailed Stats
About
Loading...
Southern California
Tossups
Bonuses
Players
Teams
Categories (Tossup)
Categories (Bonus)
Sebastien Freitag
UC Santa Barbara A
Categories
Category
Powers
Gets
Negs
BBs
Points
Earliest Buzz
Avg. Buzz
First Buzzes
Top 3 Buzzes
BPA
PVF
Popular Culture
0
2
0
0
20
43
49.50
1
1
0.00
0.00
History - European
0
1
0
0
10
49
49.00
0
0
0.00
0.00
Literature - World
0
1
0
0
10
61
61.00
0
1
0.00
0.00
History - Other
0
0
1
0
-5
0.00
0
0
0.00
0.00
Buzzes
Category
Answer
Value
Buzz Position
History - Other
Carthage
-5
41
Popular Culture
New York Giants
10
43
History - European
Alexander
10
49
Popular Culture
dashing
10
56
Literature - World
The Kite Runner
10
61
Previous
1
Next